| 000 | 00486nam a2200169Ia 4500 | ||
|---|---|---|---|
| 008 | 230917s9999||||xx |||||||||||||| ||und|| | ||
| 020 | _cRS320 | ||
| 040 |
_e228691 _aMAIN |
||
| 041 | _aEnglish | ||
| 082 | _a954.01 H114P | ||
| 100 | _aHabib Irfan | ||
| 245 | 0 | _aPost- Mauryan India 200 BC- AD 300: A political and economic history | |
| 260 |
_aNew Delhi _bTulika Books _c2012 |
||
| 300 | _axi, 148 p. | ||
| 500 | _a2144 07/10/2015 APD15/1022733 14/10/2015 Main Budget | ||
| 942 | _cBK | ||
| 999 |
_c16259 _d16259 |
||